000 00644nmm a2200265 a 4500
003 AR-BaBNM
005 20251128202810.0
008 267019s1956 ||||||||||||||000 | spa||
040 _cAR-BaBNM
100 1 _aFranco, Luis L.
245 1 0 _aEl otro Rosas
250 _a2ยช ed.
260 _aBuenos Aires
_bReconstruir
_c1956
300 _a337 p.
650 4 _aROSAS Y SU TIEMPO
650 4 _aHISTORIA POLITICA
650 4 _aHISTORIA SOCIAL
650 4 _aVAQUERIAS
650 4 _aABORIGENES ARGENTINOS
650 4 _aREACCIONES CONTRA ROSAS
650 4 _aCAUDILLOS ARGENTINOS
653 _aGAUCHOS
942 _cBK
998 _cmariana
999 _c627
_d627